Fragmentos de canciones III - Estadísticas

Estadísticas generales
  • Esta prueba ha sido intentada 142 veces
  • La puntuación promedio es 8 de 16
Estadísticas de respuestas
Adivina de este fragmento La palabra perdida % Correcto
Hey, chipirón, todos los días sale el ____, chipirón. Todos los días sale el ____, chipirón. Todos los días sale el ____. Sol
96%
Sarandonga, nos vamos a comer. Sarandonga, un arroz con bacalao. Sarandonga, y en lo alto del puerto. Sarandonga, que ____ es domingo. Mañana
88%
Mira la que se avecina a la vuelta de la esquina, viene Diego ____. Con la luna en las pupilas y en su traje aguamarina van restos de contrabando. Rumbeando
86%
Yo quiero que este sea el mundo que ____ del este hasta oeste y bajo el mismo sol. Ahora nos vamos y juntos celebramos, aquí todos estamos bajo el mismo sol. Conteste
79%
Mamma mia, here I go again. My, my, how can I ____ you? Mamma mia, does it show again? My, my, just how I missed you Resist
73%
Déjala que baile con otros zapatos, unos que no aprieten cuando quiera dar sus pasos. Déjala que baile con faldas de vuelo, con los pies descalzos ____ un mundo nuevo. Dibujando
72%
Resistiré erguido frente a todo, me volveré de ____ para endurecer la piel. Hierro
70%
I'm bulletproof, nothing to lose. Fire away, fire away. Ricochet, you take your aim. Fire away, fire away. You shout me down, but I won't fall, I am ____. Titanium
62%
¿Qué quieres que le haga si cuando me clavas la mirada se vuelve loco mi ____? Nunca lo digo pero lo siento. En cada momentito que tú me tienes y estás conmigo, lluvia de estrellas que se dispara. Pensamiento
48%
O ____, porta mi via. Oh, bella ciao, bella ciao, bella ciao, ciao, ciao. O ____, porta mi via, ché me sento di morir Partigiano
41%
Mi niño cuando muera que me entierren en la ____ y toa' las noches te vea, y toa' las noches te vea, y toa' las noches te vea, toa' las noches menos una. Luna
29%
I'm only human and I bleed when I fall down. I'm only human and I crash and I break down. Your ____ in my head, knives in my hearth, you build me up and then I fall apart. Words
20%
In Spain we say "It's amargura". In Spain we say "¡Ay, me desangro!". In Spain we say "¿Qué co*o hago? In Spain we say ¡Jo*er qué largo! In Spain we call it ____. Soledad
16%
It's not your fault I ruin everything and it's not your fault I can't be what you need. Baby, ____ like you can't fly down hell with me. Angels
14%
Verde, que te quiero verde. Verde viento, verde ____. El barco sobre la mar, el caballo la montaña. Ramas
12%
Tengo ____ el corazón. Estoy buscando en un bar alguien con quien bailar, llorando en un antro que no sé dónde está, cayendo en picado, pero me da igual. Mientras me ponen la canción yo me pongo a hablar. Quemado
2%
No se encontraron pruebas coincidentes
Distribución de puntuación
Porcentaje de gente con cada puntuación
Porcentaje por número respondido
Historial de tus puntuaciones
No has intentado esta prueba.